M. Tullii Ciceronis Orationes Selectae Interprtatione, Ac Notis ad usum humaniorum Scholarum illustratae : Cum Privilegio, Et Facultate Superiorum. [1.] Pars Prior ; Opera, Et Studio Christophori Wahl, Societatis Jesu Sacerdotis.

Bibliographic Details
Main Author: Cicero, Marcus Tullius, 106 pred Kr.-43 pred Kr (Author)
Corporate Author: Akademická tlačiareň (Trnava, Slovensko) (Printer)
Format: Book
Language:Latin
PhysicalDescription:357 s.
Published: Tyrnaviae [s. n.] 1743
Edition:1. vyd.
Subjects:

MARC

LEADER 00000cam a2200000 a 4500
001 vtls001484776
003 SK-MaSNL
005 20260302073728.0
008 180810s1743 xo 0 lat
015 |a SNBHFA 
035 |a SNK000440070 
040 |a SNK  |b slo  |c SNK  |e AACR2 
041 0 |a lat 
044 |a xo  |c SK 
072 7 |a 821.09  |x Literatúra v rôznych jazykoch (o nej)  |2 konspekt 
072 7 |a 821.124  |x Latinská literatúra, latinsky písaná  |2 konspekt 
080 |a 821(37/38)  |2 2001 
080 |a 821.124'01  |2 2001 
100 1 |a Cicero, Marcus Tullius,  |d 106 pred Kr.-43 pred Kr.  |4 aut  |9 53145 
245 1 0 |a M. Tullii Ciceronis Orationes Selectae  |b Interprtatione, Ac Notis ad usum humaniorum Scholarum illustratae : Cum Privilegio, Et Facultate Superiorum. [1.] Pars Prior ; Opera, Et Studio Christophori Wahl, Societatis Jesu Sacerdotis. 
246 3 0 |a Orationes Selectae 
250 |a 1. vyd. 
260 |a Tyrnaviae  |b [s. n.]  |c 1743 
300 |a 357 s. 
500 |a Titulná strana červeno-čierna tlač, iniciály, vinety, linky, marginálie, živé záhlavie, zložky, kustody 
501 |a Príväzok 1.: CICERO, Marcus Tullius. M. Tullii Ciceronis Orationes Selectae. Pars Posterior [2.] Tyrnaviae: TYpis Academicis Societ. Jesu, 1743.  |5 SNK SD 1549/1-2 
510 4 |a Bibliografia 18. storočia  |c 1649 
650 0 7 |a antická literatúra  |2 SNKPH  |9 92203 
650 0 7 |a latinská staroveká literatúra  |2 SNKPH  |9 67757 
710 2 |a Akademická tlačiareň (Trnava, Slovensko)  |4 prt  |9 232890 
752 |a Slovensko  |d Trnava 
852 |a snk  |p SD 1549/1 
958 |a ONDV 
958 |a DD 
999 |c 1162092  |d 1164022 
952 |t P60, <04>, [BOOK], {604}  |a SNK  |b SNK  |y VYP  |7 0  |o snkSD 1549/1 D1  |i snkKSF 5527/57  |0 0  |1 0  |4 0  |d 2004-11-04  |l 0  |r 2005-01-02 00:00:00  |w 2026-02-24